00741nam a2200217 a 450000100060000000300080000600500170001400800410003103500190007204000350009104100080012608200240013410000220015824501480018026000450032830000340037349000320040750000190043965000140045870000510047253452BD-RjUL20211209075949.0161015s1948 enka b 001 0 eng  a(BD-RjUL)53572 aDLCcOClUdOCoLCdBD-RjULbeng aeng a547.7223bSCP 19481 aSchmidt, Alois X.10aPrinciples of high-polymer theory and practice :bfibers, plastics, rubbers, coatings, adhesives /cby Alois X. Schmidt and Charles A. Marlies. aNew York ;bMcGraw-Hill Book Co.,c1948. axii, 743 p. :bill. ;c24 cm.0 aChemical engineering series aIncludes index 0aPolymers.1 aMarlies, Charles Angell,d1905-ejoint author.